| 000 | 00543nam a2200181Ia 4500 | ||
|---|---|---|---|
| 008 | 151018s9999 xx 000 0 und d | ||
| 082 |
_bRBASDV18280 _a891.464 |
||
| 100 | _aनानी पालखीवाला | ||
| 245 | _aवूई द पिपल | ||
| 250 | _b1 | ||
| 260 |
_bक्ष _c1985 |
||
| 300 | _a394 | ||
| 600 | _aनानी पालखीवाला | ||
| 630 | _aवूई द पिपल | ||
| 700 | _aनानी पालखीवाला | ||
| 730 | _aवूई द पिपल | ||
| 942 | _cBOOK | ||
| 999 |
_c1018944 _d1018941 |
||